|
|
|
|
| LEADER |
01360 a2200229 4500 |
| 008 |
160215b xxu||||| |||| 00| 0 mal d |
| 999 |
|
|
|c 106833
|d 106833
|
| 020 |
|
|
|a 9788126452323
|
| 082 |
|
|
|a 853.63
|
| 100 |
|
|
|a Ramakrishnan, T. D.
|
| 245 |
|
|
|a Sugandhi enna andal devanayaki /
|c T. D. Ramakrishnan.
|
| 260 |
|
|
|b D C Books,
|c 2015.
|a Kottayam :
|
| 300 |
|
|
|a 295p. :
|b ill. ;
|c 21 cm.
|
| 546 |
|
|
|a in Malayalam
|
| 650 |
|
|
|a Malayalam fiction
|
| 942 |
|
|
|2 ddc
|c BK
|
| 600 |
|
|
|a Ramakrishnan, T. D.
|
| 952 |
|
|
|0 0
|1 0
|4 0
|6 853_630000000000000_SUG_M
|7 0
|9 110885
|a UL
|b UL
|c REF
|d 2015-03-17
|e 2
|g 161.00
|l 4
|o 853.63 SUG M
|p 93770
|r 2018-09-24
|s 2018-09-19
|v 230.00
|y TXT
|
| 952 |
|
|
|0 0
|1 0
|4 0
|6 853_630000000000000_SUG
|7 0
|9 111437
|a UL
|b UL
|c ST1
|d 2015-06-27
|e 2
|g 156.40
|l 35
|m 11
|o 853.63 SUG
|p 93879
|q 2021-11-19
|r 2021-10-20
|s 2021-10-20
|v 230.00
|y BK
|
| 952 |
|
|
|0 0
|1 0
|4 0
|6 853_630000000000000_SUG_M
|7 0
|9 116771
|a UL
|b UL
|c ST1
|d 2016-02-05
|e 176
|g 161.00
|l 31
|m 11
|o 853.63 SUG M
|p 94166
|r 2022-01-03
|s 2021-12-24
|v 230.00
|y BK
|
| 952 |
|
|
|0 0
|1 0
|2 ddc
|4 0
|6 853_000000000000000_5R_SUG
|7 0
|9 387512
|a CSC
|b CSC
|c ST1
|d 2019-07-29
|i 14651
|l 0
|o 853.5R SUG
|p CSC14651
|r 2019-07-29
|v 280.00
|y BK
|
| 952 |
|
|
|0 0
|1 0
|2 ddc
|4 0
|6 853_630000000000000_RAM_S
|7 0
|9 424559
|a LIS
|b LIS
|c ST1
|d 2021-12-08
|e The Book Shop, University of Calicut
|g 299.00
|i 4866
|l 1
|o 853.63 RAM/S
|p LIS4866
|q 2021-12-31
|r 2021-12-22
|s 2021-12-22
|v 299.00
|w 2021-12-08
|y BK
|